| 000 | 00760nam a22001937a 4500 | ||
|---|---|---|---|
| 003 | OSt | ||
| 005 | 20240613154822.0 | ||
| 008 | 240613b ||||| |||| 00| 0 eng d | ||
| 040 | _cAIMIT LIBRARY | ||
| 100 |
_aApoorva. _e2116026 _9170645 |
||
| 245 |
_aStudy of covid-19 impact on profitability analysis with reference to Dakshina Kannada co-operation milk producers union ltd (DKMUL) and Hatsun Argo product ltd / _cBy Apoorva ; Guided by Beena Dias. |
||
| 260 |
_aMangalore _c2023 |
||
| 650 |
_aResearch design _9170646 |
||
| 650 |
_aHatsun agro product ltd _9170647 |
||
| 650 |
_aLiquidity ratio _9170648 |
||
| 700 |
_aDias, Beena. _eGuide _9170649 |
||
| 856 |
_3Dakshina Kannada Co-Operative Milk Producers Union Limited _ywww.dkmul.com |
||
| 942 |
_2ddc _cPRO |
||
| 999 |
_c231164 _d231164 |
||